000 00542cam a2200145 4500500
005 20260208005948.0
041 _afre
042 _adc
100 1 0 _aReichler, Claude
_eauthor
245 0 0 _aÉcrire et réécrire la peinture : la réception de Salvator Rosa en France
260 _c2009.
500 _a30
786 0 _nRevue d'histoire littéraire de la France | 109 | 2 | 2009-06-05 | p. 419-426 | 0035-2411
856 4 1 _uhttps://shs.cairn.info/revue-d-histoire-litteraire-de-la-france-2009-2-page-419?lang=fr&redirect-ssocas=7080
999 _c1654590
_d1654590